100 längste Flüsse - Statistiken

Allgemein
  • Dieses Quiz wurde 44 mal gespielt
  • Das Durchschnittsergebnis liegt bei 17 aus 100
Antwortstatistiken
Rang Länge Fluss % Korrekt
2. 6'400 km Amazonas
100%
1. 6'650 km Nil
100%
45. 1'904 km Don
95%
79. 1'239 km Rhein
95%
27. 2'857 km Donau
90%
4. 6'051 km Mississippi
80%
17. 3'530 km Wolga
80%
78. 1'245 km Elbe
73%
9. 4'835 km Kongo
66%
13. 4'184 km Niger
61%
10. 4'692 km Lena
59%
6. 5'410 km Ob
51%
3. 6'380 km Jangtsekiang
44%
11. 4'500 km Mekong
39%
30. 2'574 km Sambesi
39%
7. 5'052 km Amur
34%
37. 2'201 km Dnepr
32%
21. 3'180 km Indus
29%
22. 3'034 km Rio Grande
29%
33. 2'428 km Ural
29%
5. 5'540 km Jenissei
27%
34. 2'333 km Colorado River
24%
62. 1'438 km Colorado River
24%
24. 3'010 km Orinoco
22%
14. 3'998 km Paraná
22%
8. 4'845 km Huáng Hé
20%
20. 3'185 km Yukon River
20%
90. 1'120 km Gambia
17%
12. 4'260 km Mackenzie
17%
47. 1'819 km Volta
17%
41. 2'160 km Oranje
15%
28. 2'743 km Amudarja
12%
70. 1'352 km Dnister
12%
15. 3'672 km Murray River
12%
23. 3'019 km Syrdarja
12%
52. 1'750 km Limpopo
10%
74. 1'300 km Río Negro
10%
82. 1'149 km Roter Fluss
10%
25. 2'980 km Saluen
10%
26. 2'930 km Sankt-Lorenz-Strom
10%
16. 3'596 km Schatt al-Arab
10%
50. 1'800 km Okavango
7%
48. 1'809 km Petschora
7%
36. 2'240 km Columbia River
5%
60. 1'465 km Godavari
5%
40. 2'170 km Irrawaddy
5%
31. 2'513 km Kolyma
5%
75. 1'291 km Krishna
5%
18. 3'450 km Meghna
5%
29. 2'671 km Nelson River
5%
63. 1'430 km Senegal
5%
83. 1'146 km Anadyr
2%
56. 1'609 km Churchill River
2%
89. 1'120 km Fly
2%
66. 1'368 km Fraser River
2%
84. 1'143 km Kapuas
2%
68. 1'355 km Kizilirmak
2%
67. 1'364 km Kura
2%
80. 1'165 km Kuskokwim River
2%
71. 1'345 km Liao
2%
72. 1'312 km Narmada
2%
19. 3'199 km Rio São Francisco
2%
32. 2'450 km Rio Tocantins
2%
51. 1'790 km Río Uruguay
2%
53. 1'740 km Schari
2%
87. 1'126 km Sepik
2%
39. 2'190 km Tarim
2%
100. 1'062 km Trinity River
2%
57. 1'590 km Alaseja
0%
94. 1'090 km Barito
0%
42. 2'060 km Brazos River
0%
55. 1'636 km Chatanga
0%
77. 1'254 km Cherlen
0%
81. 1'160 km Comoé
0%
64. 1'420 km Cooper Creek
0%
86. 1'130 km Georgina River
0%
88. 1'124 km Hari Rud
0%
85. 1'130 km Hilmend
0%
97. 1'078 km Huai He
0%
61. 1'439 km Ili
0%
43. 1'977 km Indigirka
0%
59. 1'492 km Jana
0%
96. 1'082 km Jequitinhonha
0%
44. 1'910 km Juba
0%
98. 1'075 km Kunene
0%
91. 1'112 km Mae Nam Chao Phraya
0%
73. 1'310 km Mobile River
0%
49. 1'806 km Nördliche Dwina
0%
93. 1'094 km Ogooué
0%
35. 2'292 km Olenjok
0%
69. 1'355 km Pjassina
0%
46. 1'872 km Río Colorado
0%
76. 1'281 km Río Grande de Santiago
0%
58. 1'538 km Río Magdalena
0%
54. 1'716 km Rio Parnaíba
0%
95. 1'083 km Rovuma
0%
65. 1'401 km Tas
0%
99. 1'067 km Tschüi
0%
92. 1'100 km Wadi Draa
0%
38. 2'197 km Xi Jiang
0%
Keine übereinstimmenden Quizze gefunden
Verteilung der Resultate
Anzahl Personen mit jedem Resultat
Perzentil nach korrekt beantworteten Fragen
Ihre Resultats-Entwicklung
Sie haben dieses Quiz noch nicht gespielt